Every 100k+ City in Northern California Megalopolis on a Map - Statistics

General Stats
  • This quiz has been taken 257 times
  • The average score is 10 of 17
Answers on the Map
Answers color-coded by a green-red scale on the quiz's map according to % correct below.
 
Answer Stats
Population City % Correct
3.28 mil San Francisco
99%
1.72 mil Sacramento
95%
1.66 mil San Jose
95%
392k Reno
87%
654k Fresno
86%
370k Stockton
79%
358k Modesto
66%
308K Santa Rosa
60%
163k Santa Cruz
53%
184k Salinas
51%
165k Vallejo
47%
136k Merced
46%
615k Concord
39%
277k Antioch
38%
133k Fairfield
34%
219k Visalia
34%
114k Seaside
13%
No matching quizzes found
Score Distribution
Percent of People with Each Score
Percentile by Number Answered
Your Score History
You have not taken this quiz